00622nam a2200133Ia 4500008004100000100002700041245008500068245018000153260005300333260001800386300000800404650001500412856006100427170221s9999 xx 000 0 und d aTatyana V. Pavlushkina aPedagogical Support of Foreign Students Social Adaptation in Russian University  cTatyana V. Pavlushkina, Neile K. Schepkina, Ekaterina K. Dvoryankina, Viktor A. Kazinets, Irina A. Ledovskikh, Natalya P. Tabachuk, Nadezhda A. Shulika, Gulnaz S. Ashrafullina bInternational Review of Management and Marketing cDecember 2013 a5:2 xMarketing. uhttp://www.econjournals.com/index.php/irmm/issue/view/71